000 00296nam a22001337a 4500
008 180224b xxu||||| |||| 00| 0 eng d
020 _a627483001
041 _aeng
080 _a321
100 _a20
101 _aSHP
245 _aBirths, Deaths, and Taxes
_cOrganski, A.F.K
942 _2udc
_cBK
999 _c43344
_d43344